000 00358nam a22001217a 4500
008 160512b xxu||||| |||| 00| 0 eng d
020 _a9781593771843
020 _a1593771843
041 _aeng
080 _a616.12
245 _aIntegrated medical sciences cardiopulmonary physiology:
_cDaniel R. Richardson; David C.Randall; Dexter F.Speck;
942 _2udc
_cBK
999 _c2119
_d2119